|
|
|
|
| LEADER |
00000nam0a2200000 4500 |
| 001 |
167709 |
| 005 |
20231031162852.0 |
| 035 |
|
|
|a (RuTPU)RU\TPU\book\181942
|
| 090 |
|
|
|a 167709
|
| 100 |
|
|
|a 20091019d1982 m y0rusy50 ca
|
| 101 |
0 |
|
|a rus
|
| 102 |
|
|
|a RU
|
| 105 |
|
|
|a a z 000zy
|
| 200 |
1 |
|
|a Русские землепроходцы и мореходы
|e из истории открытия и освоения Сибири и Дальнего Востока
|f В. А. Авдеев [и др.]
|g Институт военной истории
|
| 210 |
|
|
|a Москва
|c Воениздат
|d 1982
|
| 215 |
|
|
|a 80 с.
|c ил.
|
| 610 |
1 |
|
|a землепроходцы
|
| 610 |
1 |
|
|a мореходы
|
| 610 |
1 |
|
|a Урал
|
| 610 |
1 |
|
|a освоение земель
|
| 610 |
1 |
|
|a Дальний Восток
|
| 610 |
1 |
|
|a исследователи
|
| 675 |
|
|
|a 91(09)
|v 3
|
| 701 |
|
1 |
|a Авдеев
|b В. А.
|g Валерий Александрович
|
| 701 |
|
1 |
|a Измайлов
|b А. А.
|g Алексей Афанасьевич
|
| 701 |
|
1 |
|a Осипова
|b М. Н.
|g Маргарита Николаевна
|
| 701 |
|
1 |
|a Соколов
|b Ю. Ф.
|g Юрий Федорович
|
| 712 |
0 |
2 |
|a Институт военной истории
|2 stltpush
|3 (RuTPU)RU\TPU\col\9003
|
| 801 |
|
1 |
|a RU
|b 63413507
|c 20091019
|
| 801 |
|
2 |
|a RU
|b 63413507
|c 20100310
|g RCR
|
| 942 |
|
|
|c BK
|